000 00278nam a22001217a 4500
008 180806b xxu||||| |||| 00| 0 eng d
082 _a813.52
245 _aHuman resource managment
_cNOE. R. A
260 _c2003
300 _a1
_fCD
440 _x0072533056
942 _2ddc
_cMX
999 _c46861
_d46861